Obzvlášť dôležitý Aristoteles v slovenčine

Bibliographic Details
Main Authors: Škoviera, Daniel, 1946-2021 (Author), Aristoteles, 384 pred Kr.-322 pred Kr (Author)
Format: Article
Language:Slovak
Subjects:

MARC

LEADER 00000nab a2200000 a 4500
001 vtls000353586
003 SK-MaSNL
005 20260304235339.0
008 230302c1989 xo 0 slo
015 |a SNBRB19rr/mm-uuuuu 
035 |a CL0353708 
035 |a urn:nbn:sk:snk-abemxg 
035 |a (urnnbn)urn:nbn:sk:snk:ar-0009hm 
035 |a (uuid)bc38f7bc-2989-41cf-bdd2-6241fff78add 
040 |a SNKBUCL  |b slo  |c SNKBUCL  |e AACR2 
041 0 |a slo 
044 |a xo  |c SK 
080 |a 141.7  |2 1981 
100 1 |a Škoviera, Daniel,  |d 1946-2021  |4 aut  |9 85343 
245 1 0 |a Obzvlášť dôležitý Aristoteles v slovenčine  |c Daniel Škoviera 
500 |a V rubrike Recenzie. 
600 0 7 |a Aristoteles,  |d 384 pred Kr.-322 pred Kr  |2 snkbucl  |9 186400 
655 7 |a články z novín a časopisov  |2 snkbucl  |9 267496 
700 0 |a Aristoteles,  |d 384 pred Kr.-322 pred Kr  |4 aut  |9 186400 
773 0 |t Slovenské pohľady  |g Roč. 105, č. 5 (1989), s. 141-143 
787 0 8 |i Rec.:  |a Aristoteles  |t Politika  |d Bratislava : Pravda, 1988 
850 |a Slovenská národná knižnica v Martine  |a MTA001 
852 |a SNK  |b KIS3GCP 
958 |a RK 
958 |a OND 
958 |a EUIPO 
958 |a article27 
992 |a RBX 
999 |c 3208613  |d 3210543